Les races d'équidés reconnues en France - Statistiques

Statistiques générales
  • Ce quiz a été pris 21 fois
  • Le résultat moyen est 19 sur 54
Statistiques - réponses
CHEVAUX DE SANG INDICE RACES % Correct
P Percheron
89%
s Poney français de {selle}
78%
S {Selle} français
78%
P Baudet du {Poitou}
72%
Races françaises AA Anglo-Arabe
67%
PS Pur-Sang
67%
S Shetland
67%
Races étrangères A Arabe
61%
P Pottok
61%
T {Trotteur} français
61%
B Boulonnais
56%
C Camargue
50%
CN Cob normand
50%
Races étrangères C Connemara
50%
F Fjord
50%
Races françaises A Ardennais
44%
B Breton
44%
C Comtois
44%
L Lipizzan
44%
NF New Forest
44%
W Welsh
44%
H Haflinger
39%
M Mérens
39%
B Barbe
33%
D Dartmoor
33%
L Lusitanien
33%
TdN Trait du Nord
33%
A Auxois
28%
Races françaises B Grand noir du {Berry}
28%
IC Irish-Cob
28%
Races françaises L Landais
28%
N Normand
28%
P Poitevin
28%
C Cheval {Corse}
22%
C Corse
22%
P de {Provence}
22%
P des {Pyrénées}
22%
B Bourbonnais
17%
C Castillon
17%
d Cheval de {dressage} français
17%
C Criollo
17%
C du {Cotentin}
17%
H Henson
17%
I Islandais
17%
4 mots Autre que pur sang
11%
A Cheval de race {Auvergne}
11%
AN Cheval de sport {Anglo-normand}
11%
VdB Cheval du {Vercors de Barraquand}
11%
Races étrangères FM Franches montagnes
11%
H Highland
11%
M {Miniature} français
11%
T Trakehner
11%
C Crème
6%
S Shagya
6%
Aucun quiz correspondant
Distribution des résultats
% des personnes avec chaque résultat
Percentile par nombre de réponses
Votre historique - résultats
Vous n’avez pas pris ce quiz